Top 20 Most Affected Countries by COVID-19 - Statistics

General Stats
  • This quiz has been taken 22 times
  • The average score is 6 of 20
Answer Stats
Country % Correct
21,802 United States
100%
10,496 Italy
89%
33,787 France
83%
48,174 Belgium
56%
10,002 Switzerland
39%
10,643 Ireland
33%
12,920 Luxembourg
33%
12,337 Cyprus
28%
11,217 Greece
28%
12,719 Bulgaria
22%
20,699 Hungary
22%
21,851 Lithuania
22%
29,733 Serbia
22%
15,004 Montenegro
17%
10,671 North Macedonia
17%
9,995 Slovenia
17%
10,158 Curaçao
0%
40,059 French Polynesia
0%
15,345 Guadeloupe
0%
14,674 Martinique
0%
No matching quizzes found
Score Distribution
Percent of People with Each Score
Percentile by Number Answered
Your Score History
You have not taken this quiz